Complete the Card - WWE Royal Rumble 2008 - Statistics

General Stats
  • This quiz has been taken 575 times
  • The average score is 7 of 9
Answer Stats
Answer % Correct
John Cena
99%
Randy Orton
95%
Edge
93%
Ric Flair
88%
Jeff Hardy
85%
Rey Mysterio
81%
MVP
71%
Chris Jericho
64%
John Bradshaw Layfield
63%
No matching quizzes found
Score Distribution
Percent of People with Each Score
Percentile by Number Answered
Your Score History
You have not taken this quiz